1246 1179 1222 1573 1992 1132 1483 1542 1158 1623 1712 1255 1853 1983 1761 1100 1635 1853 1714 1299 1831 1081 1045 1482 1271 1809 1608 1853 1690 1114 1480 1459 1495 1972 1736 1916 1704 1881 1620 1954 1468 1874 1826 1537 1563 1968 1867 1157 1738 1572 1400 1040 1484 1853 1284 1995 1569 1828 1595 1911 1015 1200 1304 1244 1486 1515 1304 1990 1476 1893 1649 1512 1756 1613 1703 1509 1401 1601 1065 1747 1662 1437 1816 1755 1268 1052 1534 1135 1904 1640 1271 1325 1858 1377 1772 1475 1384 1400 1338 BCNSPRNW ULIB Ver.6.0+V

เปลี่ยนเป็นภาษาไทย

Change to English
 แสดงรายละเอียดบรรณานุกรม
  กลับหน้าหลัก

Brief Record : Get Marc (ISO 2709) : E-mail record : QR code < ปิดหน้าต่าง
LEADER : 00000nam a2200000 a 4500
001    13399128336
003     ULIB
008    220217s2564 th a 000 0 tha d
020    ^a9786164436299
040    ^acl
060 04 ^aWL100^bก673ต 2564
100 0  ^aกิตติคุณ วิวัฒน์ภิญโญ
245 10 ^aตำราประสาทวิทยาศาสตร์.^nเล่ม 1 /^cกิตติคุณ วิวัฒน์ภิญโญ, นวลจันทร์จุฑาภักดีกุล, วรสิทธิ์ ศิริพรพาณิชย์
250    ^aพิมพ์ครั้งที่ 1
260    ^aนครปฐม :^bสำนักพิมพ์มหาวิทยาลัยมหิดล,^c2564
300    ^axxxv, 395 หน้า :^bภาพประกอบ ;^c26 ซม.
505 0  ^aสมอง จิตใจ และพฤติกรรม -- บทนำระบบประสาทของมนุษย์ --เซลล์และเนื้อเยื่อของระบบประสาท -- พัฒนาการของระบบประสาท --เยื่อหุ้มสมอง ระบบโพรงสมอง และน้ำเลี้ยงสมองไขสันหลัง --ระบบหลอดเลือดสมอง -- เซรีบรัม -- ไดเอนเซฟาลอน --ก้านสมองส่วนมิดเบรน -- เซรีเบลลัมและก้านสมองส่วนพอนส์ --ก้านสมองส่วนมิดเบรน -- ก้านสมองส่วนเมดัลลา -- เส้นประสาทสมอง --ไขสันหลัง -- เซลล์ประสาทสั่งการและวิถีประสาทสั่งการขาลง --การควบคุมการเคลื่อนไหวโดยเบซัลแกงเกลียและเซรีเบลลัม --ระบบการทรงตัว และการควบคุมเคลื่อนไหวของลูกตา --ระบบการรับความรู้สึกทางกาย --การตรวจร่างกายทางระบบประสาทและการระบุตำแหน่งรอยโรคในระบบประสาท
650  4 ^aประสาทวิทยาศาสตร์
650  4 ^aระบบประสาท
700 0  ^aนวลจันทร์ จุฑาภักดีกุล
700 0  ^aวรสิทธิ์ ศิริพรพาณิชย์
945    ^p520^l0^i29585
945    ^p520^l0^i29586
995    ^aกัณชพร จุลอักษร
999    ^aกัณชพร
รายการนี้ยังไม่มีแท็ก
คุณยังไม่ได้ล็อกอิน คุณสามารถมีกิจกรรมร่วมกับเว็บไซต์ได้ แต่ต้องล็อกอินก่อน ::
  ล็อกอิน

รายการสื่อสารสนเทศ

ลำดับที่ ประเภท เลขเรียก/บาร์โค้ด สถานที่ สถานะ
1. หนังสือสำรอง
หนังสือสำรอง
WL100 ก673ต 2564 ฉ.1 
  Barcode: 29585
ห้องสมุดวิทยาเขตนครสวรรค์
►หนังสือทั่วไป:l:General Books
บนชั้น
2. วิทยาศาสตร์การแพทย์ และสุขภาพ
วิทยาศาสตร์การแพทย์ และสุขภาพ
WL100 ก673ต 2564 ฉ.2 
  Barcode: 29586
ห้องสมุดวิทยาเขตนครสวรรค์
►หนังสือทั่วไป:l:General Books
บนชั้น

รายการใกล้เคียง
    ผู้แต่ง [กิตติคุณ วิวัฒน์ภิญโญ]

    หัวเรื่อง [ประสาทวิทยาศาสตร์]
    หัวเรื่อง [ระบบประสาท]

BibComment


ยังไม่เคยถูกคอมเมนท์

คอมเมนท์ทรัพยากรรายการนี้
  คอมเมนท์: ตำราประสาทวิทยาศ..


 Copyright 2026. Bcnsprnw @Library